00879nam a2200217Ia 4500999001700000082001200017100002400029245013000053260002900183300002100212650004800233650004500281650004900326650002400375650004900399650002500448650004600473710001700519942001200536952011300548 c21584d21584 aTR.0130 aRajput, Komal Singh 0aStudy of the effect of certain family factors on educational aspiration and academic achievement of secondary school students c1989bGarhwal University a293p. + C D - 51 aACHIEVEMENT, ACADEMIC//ACADEMIC ACHIEVEMENT aSCHOLASTIC SUCCESS//ACADEMIC ACHIEVEMENT aHIGH SCHOOL STUDENTS - SOCIO-ECONOMIC STATUS aSTUDENT ASPIRATIONS aEDUCATIONAL ASPIRATIONS//STUDENT ASPIRATIONS aACADEMIC ACHIEVEMENT aASPIRATIONS, STUDENT//STUDENT ASPIRATIONS aSharma, R.R. cTH2ddc 00104070aNASSDOCbNASSDOCd2004-10-08i2004-10-22l0oTR.0130p30316r2019-04-18 00:00:00w2019-04-18yTH